000 01335nam a2200337 c 4500
003 BLK
005 20180420224309.0
008 180408b bul|||||r ||||||| ||bul||
010 _aKNG00081826000
020 _a978-954-9535-05-1
_bиздат.: Вакон
040 _aBLK
041 _aBUL
_cBUL
072 7 _2bullib
_aН85
_xДетска художествена литература Н
080 _aНемска литература
_b821.112.2
_x-93-31
_z821.112.2-93-31
100 1 _aФлегел, Сиси
_eпърви автор
_9298298
700 1 _aГелева, Теодора
_eпрев. от нем.
_9298299
139 _aФлегел, Сиси
_bФ 61
245 1 0 _aУчилище, балет Целувката на спящата кралица
_cСиси Флегел; прев. от нем. Теодора Гелева.
257 _aDEU
260 София
_bВакон
_c2008
_fСофия : Инвестпрес
300 _a191 с.
_c20 см
380 _aDX
490 1 _aПоредица Готини момичета - готини книги
500 _aОриг. загл. Schule, Ballett Dornroschenkuss / Sissi Flegel.
659 _aН
852 _aЦб 253537
856 4 _qpdf
_u
856 4 _qpdf
_u
942 _cKNG
_n0
944 _aCR
_c07.11.2011
_kГеновева_Генчева
944 _aED
_c04.06.2012
_k
999 _c77371
_d77371